[Event "COL-chT"]
[Site "Risaralda"]
[Date "2023.11.19"]
[Round "1.1"]
[White "Cadena Montoya, Gustavo Adolfo"]
[Black "Tirado, Juan Camilo"]
[Result "0-1"]
[WhiteElo "2195"]
[BlackElo "2182"]
[PlyCount "80"]
[EventDate "2023.11.19"]
[EventType "team-swiss"]
[EventRounds "7"]
[EventCountry "COL"]
[SourceTitle "CB49_2023"]
[SourceDate "2023.12.06"]
[SourceVersion "1"]
[SourceVersionDate "2023.12.06"]
[SourceQuality "1"]
[WhiteTeam "Caqueta"]
[BlackTeam "Boyaca"]
[WhiteTeamCountry "COL"]
[BlackTeamCountry "COL"]

1. d4 d5 2. c4 e6 3. Nc3 Nf6 4. cxd5 exd5 5. Bg5 Nbd7 6. e3 Bb4 7. Bd3 0-0 8. Nge2 c6 9. Qc2 Qa5 10. 0-0 Re8 11. Bf4 Qd8 12. f3 Nf8 13. e4 dxe4 14. fxe4 Bg4 15. Bg5 Be7 16. Kh1 Bxe2 17. Qxe2 Qxd4 18. Rad1 Ng6 19. Bc4 Qc5 20. Rf5 Ne5 21. Bb3 Rad8 22. Rdf1 Rd7 23. Bf4 Bd8 24. Qe1 Qd4 25. Qg3 Ng6 26. Rd1 Nxe4 27. Rxd4 Nxg3+ 28. hxg3 Re1+ 29. Kh2 Rxd4 30. Rxf7 Kh8 31. Bc2 Re7 32. Rf5 Re8 33. Bc1 Bf6 34. Rh5 Nf8 35. Bf4 g6 36. Ra5 a6 37. Bb3 Kg7 38. Bc7 Nd7 39. Bf4 Bd8 40. Ra3 g5 0-1

[Event "Titled Tuesday intern op 12th Sep Late"]
[Site "Chess.com INT"]
[Date "2023.09.12"]
[Round "1"]
[White "Peatman, Carter F"]
[Black "Cadena Montoya, Gustavo Adolfo"]
[Result "0-1"]
[WhiteElo "2015"]
[BlackElo "2195"]
[PlyCount "70"]
[EventDate "2023.09.12"]
[EventType "swiss (blitz)"]
[EventRounds "11"]
[EventCountry "USA"]
[SourceTitle "EXT 2024"]
[Source "ChessBase"]
[SourceDate "2023.10.10"]
[SourceVersion "1"]
[SourceVersionDate "2023.10.10"]
[SourceQuality "1"]

1. d4 Nf6 2. Bf4 d5 3. e3 g6 4. Nf3 Bg7 5. c4 0-0 6. Nc3 c5 7. dxc5 Qa5 8. cxd5 Ne4 9. Be5 Bxe5 10. Nxe5 Nxc3 11. Qd2 Qxc5 12. bxc3 Nd7 13. Nxd7 Bxd7 14. Be2 Rac8 15. c4 b5 16. Rc1 Rfd8 17. 0-0 b4 18. Qd4 Qa5 19. Qd2 e6 20. e4 Qc5 21. Kh1 a5 22. Rb1 Rb8 23. Rb2 Bc8 24. Rfb1 Ba6 25. a3 Bxc4 26. Rc2 exd5 27. exd5 Qxd5 28. Qxd5 Bxd5 29. axb4 Be4 30. Rcb2 Bxb1 31. Rxb1 Rxb4 32. Ra1 a4 33. h4 Rd2 34. Bf3 Rxf2 35. h5 gxh5 0-1

[Event "Titled Tuesday intern op 05th Sep Late"]
[Site "Chess.com INT"]
[Date "2023.09.05"]
[Round "3"]
[White "Cadena Montoya, Gustavo Adolfo"]
[Black "Haszon, David"]
[Result "1-0"]
[WhiteElo "2195"]
[BlackElo "2250"]
[PlyCount "53"]
[EventDate "2023.09.05"]
[EventType "swiss (blitz)"]
[EventRounds "11"]
[EventCountry "USA"]
[SourceTitle "EXT 2024"]
[Source "ChessBase"]
[SourceDate "2023.10.10"]
[SourceVersion "1"]
[SourceVersionDate "2023.10.10"]
[SourceQuality "1"]

1. e4 a6 2. d4 c6 3. Nf3 d5 4. Nc3 Bg4 5. Bf4 e6 6. e5 c5 7. Be2 Nc6 8. dxc5 Bxc5 9. 0-0 Nge7 10. h3 Bxf3 11. Bxf3 Ng6 12. Bh2 Bd4 13. Kh1 0-0 14. Bh5 Bxe5 15. f4 Bxc3 16. bxc3 f5 17. Qe2 Qf6 18. Rab1 b5 19. a4 bxa4 20. Rb6 Rfc8 21. Rxa6 Nf8 22. Bg1 Qxc3 23. Rf3 Qc4 24. Rxa8 Rxa8 25. Qxc4 dxc4 26. Ra3 Nd4 27. Bxd4 1-0

[Event "Titled Tuesday intern op 28th Feb Early"]
[Site "Chess.com INT"]
[Date "2023.02.28"]
[Round "1"]
[White "Cadena Montoya, Gustavo Adolfo"]
[Black "Idnani, Roshan R"]
[Result "0-1"]
[WhiteElo "2195"]
[BlackElo "2082"]
[PlyCount "114"]
[EventDate "2023.02.28"]
[EventType "swiss (blitz)"]
[EventRounds "11"]
[EventCountry "USA"]
[SourceTitle "CBM 213 Extra"]
[Source "ChessBase"]
[SourceDate "2023.05.31"]
[SourceVersion "1"]
[SourceVersionDate "2023.05.31"]
[SourceQuality "1"]

1. d4 Nf6 2. c4 g6 3. Nc3 Bg7 4. e4 0-0 5. f4 d6 6. Nf3 Nbd7 7. Bd3 e5 8. fxe5 dxe5 9. d5 Re8 10. 0-0 Nc5 11. Be3 Nxd3 12. Qxd3 Ng4 13. Bg5 f6 14. Bh4 c6 15. Bf2 Nxf2 16. Rxf2 Bd7 17. Kh1 Qb6 18. Rd2 Rad8 19. Rad1 c5 20. Qe3 Qd6 21. Rc2 b6 22. a4 f5 23. Nb5 Bxb5 24. axb5 f4 25. Qe2 h6 26. Ra1 Re7 27. Nh4 Kh7 28. Qg4 h5 29. Qh3 Bf6 30. Rf2 Red7 31. g3 Qe7 32. Ng2 fxg3 33. hxg3 Rf8 34. Raf1 Rdd8 35. g4 h4 36. g5 Bxg5 37. Qg4 Kh6 38. Kh2 Rxf2 39. Rxf2 Rf8 40. Rf3 Rxf3 41. Qxf3 Qf6 42. Qg4 Qf2 43. Kh1 Qxb2 44. Qc8 Bf6 45. Qf8+ Kg5 46. Qc8 Qb1+ 47. Kh2 Qxe4 48. d6 Qxc4 49. d7 Qd5 50. Qc6 Qxc6 51. bxc6 Bd8 52. Ne3 Kf6 53. Nd5+ Ke6 54. c7 Bxc7 55. Nxc7+ Kxd7 56. Nb5 a6 57. Kg2 axb5 0-1

[Event "Titled Tuesday intern op 07th Feb Early"]
[Site "Chess.com INT"]
[Date "2023.02.07"]
[Round "1"]
[White "Dilmukhametov, Artur"]
[Black "Cadena Montoya, Gustavo Adolfo"]
[Result "1-0"]
[WhiteElo "2276"]
[BlackElo "2195"]
[PlyCount "123"]
[EventDate "2023.02.07"]
[EventType "swiss (blitz)"]
[EventRounds "11"]
[EventCountry "USA"]
[SourceTitle "EXT 2024"]
[Source "ChessBase"]
[SourceDate "2023.10.10"]
[SourceVersion "1"]
[SourceVersionDate "2023.10.10"]
[SourceQuality "1"]

1. e4 c5 2. Nf3 d6 3. Bb5+ Nd7 4. 0-0 Ngf6 5. Re1 e6 6. a4 Be7 7. h3 0-0 8. Bf1 b6 9. Nc3 Bb7 10. g3 Qc7 11. Bg2 a6 12. d4 cxd4 13. Nxd4 Rfe8 14. Be3 Rac8 15. g4 Ne5 16. f4 Nc4 17. Bc1 Bf8 18. b3 Na5 19. Bb2 g6 20. Qd3 Bg7 21. Nde2 Nc6 22. Rac1 Nb4 23. Qd2 h5 24. g5 Nd7 25. Nd1 Bxb2 26. Nxb2 Na2 27. Ra1 Nc3 28. Nc4 Nxe2+ 29. Rxe2 d5 30. exd5 exd5 31. Rxe8+ Rxe8 32. Nb2 Nc5 33. Re1 Ne4 34. Bxe4 dxe4 35. Nc4 Qc6 36. Qe3 Rd8 37. Qxb6 Qd7 38. Ne5 Qe7 39. Re2 e3 40. Qxe3 Qe6 41. Rd2 Re8 42. Qd3 Bc6 43. Qc4 Qxc4 44. Nxc4 Rc8 45. Ne5 Be4 46. c4 f6 47. gxf6 Kf8 48. Rd7 Bf5 49. Rh7 Kg8 50. Rg7+ Kf8 51. Nxg6+ Bxg6 52. Rxg6 Rc6 53. Rh6 Rb6 54. c5 Rxb3 55. Rxh5 Rc3 56. Re5 Kf7 57. h4 Rc4 58. Rf5 Ke6 59. f7 Kxf5 60. f8Q+ Kg4 61. Qg8+ Kf3 62. Qxc4 1-0

[Event "Titled Tuesday intern op 13th Dec Late"]
[Site "Chess.com INT"]
[Date "2022.12.13"]
[Round "1"]
[White "Levine, David M"]
[Black "Cadena Montoya, Gustavo Adolfo"]
[Result "0-1"]
[WhiteElo "2068"]
[BlackElo "2195"]
[PlyCount "66"]
[EventDate "2022.12.13"]
[EventType "swiss (blitz)"]
[EventRounds "11"]
[EventCountry "USA"]
[SourceTitle "EXT 2024"]
[Source "ChessBase"]
[SourceDate "2023.10.10"]
[SourceVersion "1"]
[SourceVersionDate "2023.10.10"]
[SourceQuality "1"]

1. d4 Nf6 2. c4 c5 3. d5 b5 4. cxb5 a6 5. f3 g6 6. e4 d6 7. Nc3 Bg7 8. a4 0-0 9. bxa6 Nxa6 10. Bb5 Nb4 11. Nge2 e5 12. 0-0 Bd7 13. Ra3 Qb6 14. Kh1 Rfe8 15. Bg5 Bxb5 16. axb5 c4 17. Qd2 Nd7 18. Be3 Nc5 19. Rfa1 Rxa3 20. bxa3 Nbd3 21. a4 Qa5 22. Rb1 f5 23. g4 fxg4 24. fxg4 Rf8 25. Kg2 Nf4+ 26. Bxf4 exf4 27. Nd4 f3+ 28. Kf1 Nxa4 29. b6 Nxc3 30. b7 Rb8 31. Nc6 Rxb7 32. Rxb7 Qa1+ 33. Kf2 Nxe4+ 0-1

[Event "COL-chT Blitz"]
[Site "Santa Marta"]
[Date "2022.11.07"]
[Round "9.1"]
[White "Cadena Montoya, Gustavo Adolfo"]
[Black "Gonzalez Velasco, Leandro"]
[Result "1-0"]
[WhiteElo "2241"]
[BlackElo "1946"]
[PlyCount "24"]
[EventDate "2022.11.07"]
[EventType "team-swiss"]
[EventRounds "9"]
[EventCountry "COL"]
[SourceTitle "CBM 211 Extra"]
[Source "ChessBase"]
[SourceDate "2023.01.31"]
[SourceVersion "1"]
[SourceVersionDate "2023.01.31"]
[SourceQuality "1"]
[WhiteTeam "Caqueta"]
[BlackTeam "Valle II"]
[WhiteTeamCountry "COL"]
[BlackTeamCountry "COL"]

1. d4 Nf6 2. c4 g6 3. Nc3 Bg7 4. e4 d6 5. f4 0-0 6. Nf3 c5 7. d5 e6 8. Be2 exd5 9. cxd5 Re8 10. Nd2 Na6 11. 0-0 Rb8 12. Kh1 b6 1-0

[Event "COL-chT Blitz"]
[Site "Santa Marta"]
[Date "2022.11.07"]
[Round "7.1"]
[White "Portnoy Cruz, Ivan Adolfo"]
[Black "Cadena Montoya, Gustavo Adolfo"]
[Result "0-1"]
[WhiteElo "2112"]
[BlackElo "2241"]
[PlyCount "96"]
[EventDate "2022.11.07"]
[EventType "team-swiss"]
[EventRounds "9"]
[EventCountry "COL"]
[SourceTitle "CBM 211 Extra"]
[Source "ChessBase"]
[SourceDate "2023.01.31"]
[SourceVersion "1"]
[SourceVersionDate "2023.01.31"]
[SourceQuality "1"]
[WhiteTeam "Cordoba"]
[BlackTeam "Caqueta"]
[WhiteTeamCountry "COL"]
[BlackTeamCountry "COL"]

1. e4 c6 2. d4 d5 3. Nc3 dxe4 4. Nxe4 Nf6 5. Ng3 e5 6. Qe2 Qxd4 7. c3 Qc5 8. Nf3 Bd6 9. Be3 Qa5 10. 0-0-0 Bc7 11. Kb1 Be6 12. b4 Qa4 13. Rc1 h6 14. Qb2 b5 15. Bd3 Nbd7 16. Bc2 Qa6 17. Bb3 Bxb3 18. axb3 0-0 19. Kc2 Qb7 20. Ra1 Nd5 21. Bd2 Bd6 22. Ne4 Be7 23. Rhe1 Rfc8 24. Be3 c5 25. Nxc5 Nxe3+ 26. Rxe3 Nxc5 27. bxc5 Bxc5 28. Re2 e4 29. Nd2 f5 30. c4 Qd7 31. Qc3 Bd4 32. Qa5 Bxa1 33. Qxa1 Qd3+ 34. Kd1 bxc4 35. bxc4 Rab8 36. Ke1 Kh8 37. Re3 Qc2 38. Rc3 Qb2 39. Qa5 Qb4 40. Qa1 Rd8 41. Rc2 Rd3 42. Ke2 Rbd8 43. Qc1 Qc5 44. Nf1 Qd4 45. Ne3 f4 46. Nf5 f3+ 47. gxf3 exf3+ 48. Kf1 Rd1+ 0-1

[Event "COL-chT"]
[Site "Santa Marta"]
[Date "2022.11.03"]
[Round "2.1"]
[White "Munoz Galvez, Jhon Edison"]
[Black "Cadena Montoya, Gustavo Adolfo"]
[Result "1-0"]
[WhiteElo "2304"]
[BlackElo "2205"]
[PlyCount "163"]
[EventDate "2022.11.02"]
[EventType "team-swiss"]
[EventRounds "7"]
[EventCountry "COL"]
[SourceTitle "CBM 211 Extra"]
[Source "ChessBase"]
[SourceDate "2023.01.31"]
[SourceVersion "1"]
[SourceVersionDate "2023.01.31"]
[SourceQuality "1"]
[WhiteTeam "Caldas"]
[BlackTeam "Caqueta"]
[WhiteTeamCountry "COL"]
[BlackTeamCountry "COL"]

1. d4 Nf6 2. c4 c5 3. Nf3 g6 4. Nc3 cxd4 5. Nxd4 Nc6 6. e4 d6 7. Be2 Bg7 8. Nc2 0-0 9. 0-0 Nd7 10. Bd2 Nc5 11. f3 Nd4 12. Kh1 Nxc2 13. Qxc2 a5 14. Be3 Be6 15. Rfd1 Rc8 16. Rac1 f5 17. exf5 Rxf5 18. Nb5 Qf8 19. Nd4 Re5 20. Nxe6 Nxe6 21. Qd2 g5 22. b3 Qf7 23. Bd3 Qh5 24. Re1 Rf8 25. Be4 Rf6 26. Bd5 Rh6 27. h3 Kh8 28. Qxa5 Bf6 29. Qa8+ Kg7 30. Qxb7 Qh4 31. Qc8 Rxd5 32. Qxe6 Ra5 33. a4 Qh5 34. c5 dxc5 35. Bxc5 Rxc5 36. Rxc5 Qh4 37. Rc8 Rg6 38. Rg8+ Kh6 39. Rxg6+ hxg6 40. Re4 Qg3 41. a5 Qf2 42. b4 Qc2 43. Qc4 Qd1+ 44. Kh2 Qd6+ 45. g3 Be5 46. f4 gxf4 47. gxf4 Qd2+ 48. Kg3 Bf6 49. Qe2 Qc1 50. Kg2 g5 51. Rc4 Qa1 52. fxg5+ Bxg5 53. a6 Qg7 54. Qe6+ Kh7 55. Kf3 Qa1 56. Qf5+ Kh6 57. Qf8+ Kh7 58. Qf7+ Kh6 59. Rc6+ Bf6 60. Rxf6+ exf6 61. Qf8+ Kg6 62. Qg8+ Kh6 63. Qh8+ Kg6 64. Qe8+ Kh6 65. Qe3+ Kg7 66. a7 Kf7 67. Kg3 Qa6 68. Qc5 Qd3+ 69. Kf4 Qf1+ 70. Kg3 Qd3+ 71. Kf2 Qd2+ 72. Kf3 Qd1+ 73. Ke4 Qe2+ 74. Kd4 Qd2+ 75. Kc4 Qe2+ 76. Kb3 Qd1+ 77. Qc2 Qf3+ 78. Ka4 Qh1 79. Qh7+ Ke6 80. Qg8+ Kf5 81. a8Q Qa1+ 82. Kb5 1-0

[Event "Titled Tuesday intern op 01st Nov Early"]
[Site "Chess.com INT"]
[Date "2022.11.01"]
[Round "1"]
[White "Guzman Moneo, Alberto"]
[Black "Cadena Montoya, Gustavo Adolfo"]
[Result "0-1"]
[WhiteElo "2146"]
[BlackElo "2205"]
[PlyCount "62"]
[EventDate "2022.11.01"]
[EventType "swiss (blitz)"]
[EventRounds "11"]
[EventCountry "USA"]
[SourceTitle "EXT 2024"]
[Source "ChessBase"]
[SourceDate "2023.10.10"]
[SourceVersion "1"]
[SourceVersionDate "2023.10.10"]
[SourceQuality "1"]

1. e4 c5 2. Nc3 Nc6 3. Bb5 Nd4 4. Nf3 Nxb5 5. Nxb5 d6 6. d4 cxd4 7. Qxd4 Bd7 8. c4 Bc6 9. 0-0 a6 10. Nc3 e6 11. Bg5 f6 12. Be3 Ne7 13. Rad1 Ng6 14. b4 Ne5 15. Nxe5 fxe5 16. Qd3 Be7 17. a4 0-0 18. b5 axb5 19. axb5 Be8 20. Ra1 Rc8 21. Rfc1 Bg6 22. Ra7 Qc7 23. Na4 d5 24. Bb6 Qd7 25. c5 Bxe4 26. Qe2 Bg5 27. c6 Qf7 28. Rxb7 Qxb7 29. Be3 Bxe3 30. Qxe3 Qxb5 31. Qxe4 dxe4 0-1

[Event "Titled Tuesday intern op 01st Nov Early"]
[Site "Chess.com INT"]
[Date "2022.11.01"]
[Round "3"]
[White "Srebrnic, Marko"]
[Black "Cadena Montoya, Gustavo Adolfo"]
[Result "1-0"]
[WhiteElo "2372"]
[BlackElo "2205"]
[PlyCount "119"]
[EventDate "2022.11.01"]
[EventType "swiss (blitz)"]
[EventRounds "11"]
[EventCountry "USA"]
[SourceTitle "EXT 2024"]
[Source "ChessBase"]
[SourceDate "2023.10.10"]
[SourceVersion "1"]
[SourceVersionDate "2023.10.10"]
[SourceQuality "1"]

1. e4 c5 2. Nf3 d6 3. d4 cxd4 4. Nxd4 Nf6 5. Nc3 a6 6. Bc4 e6 7. 0-0 Be7 8. Bb3 0-0 9. f4 Qc7 10. f5 e5 11. Nde2 Nbd7 12. Bg5 b5 13. Bxf6 Nxf6 14. Ng3 Bb7 15. Nh5 a5 16. Nxf6+ Bxf6 17. Bd5 b4 18. Bxb7 bxc3 19. Bxa8 cxb2 20. Rb1 Rxa8 21. Rxb2 Bg5 22. Qd3 Rc8 23. g3 h5 24. Kg2 h4 25. Rf3 Bc1 26. Rb5 Qxc2+ 27. Qxc2 Rxc2+ 28. Rf2 h3+ 29. Kf1 Rc4 30. Re2 a4 31. Rb8+ Kh7 32. g4 Ba3 33. Re3 Rc1+ 34. Ke2 Rc2+ 35. Kd1 Rxh2 36. Rxa3 Kh6 37. Rh8+ Kg5 38. Rhxh3 Rb2 39. Rxa4 Kxg4 40. Rd3 g6 41. fxg6 fxg6 42. Rxd6 g5 43. Rf6 Kh3 44. Ra3+ Kh4 45. Ke1 g4 46. Kf1 g3 47. Rh6+ Kg5 48. Rh8 Kf4 49. Rf8+ Kxe4 50. Rxg3 Rxa2 51. Rg4+ Kd5 52. Rd8+ Ke6 53. Re8+ Kf5 54. Rh4 Ra1+ 55. Ke2 Ra2+ 56. Kd3 Ra3+ 57. Kc2 Ra5 58. Kb3 Rb5+ 59. Ka4 Rd5 60. Kb4 1-0

[Event "Titled Tuesday intern op 25th Oct Early"]
[Site "Chess.com INT"]
[Date "2022.10.25"]
[Round "1"]
[White "Caruana, Fabiano"]
[Black "Cadena Montoya, Gustavo Adolfo"]
[Result "1-0"]
[WhiteElo "2763"]
[BlackElo "2205"]
[PlyCount "79"]
[EventDate "2022.10.25"]
[EventType "swiss (blitz)"]
[EventRounds "11"]
[EventCountry "USA"]
[SourceTitle "EXT 2024"]
[Source "ChessBase"]
[SourceDate "2023.10.10"]
[SourceVersion "1"]
[SourceVersionDate "2023.10.10"]
[SourceQuality "1"]

1. d4 Nf6 2. Nc3 d5 3. Bf4 Bf5 4. e3 c6 5. Bd3 Bg6 6. Nf3 e6 7. Ne5 Nbd7 8. 0-0 Nxe5 9. dxe5 Nd7 10. Bg3 Qb6 11. Rb1 Nc5 12. b4 Nd7 13. Ne2 Be7 14. Nd4 Qc7 15. f4 Bxd3 16. cxd3 a5 17. b5 c5 18. b6 Nxb6 19. Nb5 Qc6 20. f5 exf5 21. e6 0-0 22. Nc7 Rac8 23. Qb3 Rxc7 24. Bxc7 Qxc7 25. Qxb6 Qxb6 26. exf7+ Rxf7 27. Rxb6 c4 28. Rb5 c3 29. Rc1 Bg5 30. Rxc3 Bxe3+ 31. Kf1 g6 32. Rxd5 f4 33. Ke2 Kg7 34. Kf3 Kh6 35. Rc4 Re7 36. h4 b6 37. a4 Re8 38. Rd7 Rh8 39. g4 Rf8 40. g5+ 1-0

[Event "COL-ch Amateurs U2300"]
[Site "Bogota"]
[Date "2021.06.26"]
[Round "5"]
[White "Cadena Montoya, Gustavo Adolfo"]
[Black "Vargas, Mauricio"]
[Result "1-0"]
[WhiteElo "2186"]
[BlackElo "2154"]
[PlyCount "69"]
[EventDate "2021.06.23"]
[EventType "swiss"]
[EventRounds "7"]
[EventCountry "COL"]
[SourceTitle "CBM 203 Extra"]
[Source "ChessBase"]
[SourceDate "2021.09.30"]
[SourceVersion "1"]
[SourceVersionDate "2021.09.30"]
[SourceQuality "1"]

1. d4 d5 2. c4 c6 3. Nf3 Nf6 4. Nc3 a6 5. Qc2 g6 6. e4 dxe4 7. Nxe4 Nxe4 8. Qxe4 Bg7 9. Be2 Bf5 10. Qh4 Nd7 11. 0-0 e5 12. Bg5 f6 13. Be3 g5 14. Qg3 h5 15. Nh4 gxh4 16. Qxg7 Rh7 17. Qg8+ Nf8 18. d5 b6 19. Rad1 c5 20. Bd3 Bxd3 21. Rxd3 Qd6 22. b4 cxb4 23. f4 e4 24. Rd4 f5 25. Qg5 Qg6 26. Qxh4 Rc8 27. Qe1 a5 28. Qd1 Nd7 29. a3 bxa3 30. Qa4 Rg7 31. Rd2 Qd6 32. c5 Rxc5 33. Qxa3 Rc6 34. Qb2 Rc4 35. Qxg7 1-0

[Event "COL-chT rapid Online"]
[Site "Chess.com INT"]
[Date "2020.09.20"]
[Round "4.1"]
[White "Carrillo Parra, Miguel Alfredo"]
[Black "Cadena Montoya, Gustavo Adolfo"]
[Result "1-0"]
[WhiteElo "2208"]
[BlackElo "2325"]
[PlyCount "109"]
[EventDate "2020.09.19"]
[EventType "team-tourn (rapid)"]
[EventRounds "5"]
[EventCountry "COL"]
[SourceTitle "CBM 198 Extra"]
[Source "ChessBase"]
[SourceDate "2020.11.30"]
[SourceVersion "1"]
[SourceVersionDate "2020.11.30"]
[SourceQuality "1"]
[WhiteTeam "Atlantico"]
[BlackTeam "Caqueta"]
[WhiteTeamCountry "COL"]
[BlackTeamCountry "COL"]

1. d4 Nf6 2. c4 g6 3. Nc3 d5 4. Nf3 Bg7 5. Bg5 Ne4 6. cxd5 Nxg5 7. Nxg5 e6 8. Qd2 exd5 9. Qe3+ Kf8 10. Qf4 Bf6 11. h4 Kg7 12. 0-0-0 Nc6 13. e4 dxe4 14. Bc4 Qd6 15. Qxd6 cxd6 16. Ncxe4 Bxd4 17. Bd5 Bb6 18. h5 Bf5 19. h6+ Kf8 20. Nxd6 Bxf2 21. Nxf5 gxf5 22. Nxf7 Rg8 23. Nd6 Rg5 24. Rhf1 Be3+ 25. Kb1 f4 26. Nc4 Ke7 27. Rfe1 Rd8 28. Nxe3 fxe3 29. Rxe3+ Kf6 30. Rf1+ Rf5 31. Rxf5+ Kxf5 32. Bxc6 bxc6 33. Re7 Kg6 34. Re6+ Kg5 35. Rxc6 Rd2 36. Ra6 Rxg2 37. Rxa7 Kxh6 38. a4 Kg6 39. a5 h5 40. a6 Rg4 41. b3 Rg5 42. Ra8 Ra5 43. Kb2 Kg7 44. b4 Ra4 45. Kb3 Ra1 46. Ra7+ Kh8 47. b5 h4 48. Rc7 Rb1+ 49. Ka4 Ra1+ 50. Kb4 Rb1+ 51. Ka5 h3 52. Rc3 Ra1+ 53. Kb6 Rh1 54. a7 Ra1 55. Rxh3+ 1-0

[Event "Titled Tuesday intern op 28th Apr"]
[Site "Chess.com INT"]
[Date "2020.04.28"]
[Round "1"]
[White "Cervantes Landeiro, Thalia"]
[Black "Cadena Montoya, Gustavo Adolfo"]
[Result "0-1"]
[WhiteElo "2311"]
[BlackElo "2148"]
[PlyCount "48"]
[EventDate "2020.04.28"]
[EventType "swiss (blitz)"]
[EventRounds "10"]
[EventCountry "USA"]
[SourceTitle "EXT 2021"]
[Source "ChessBase"]
[SourceDate "2020.10.23"]
[SourceVersion "1"]
[SourceVersionDate "2020.10.23"]
[SourceQuality "1"]

1. d4 Nf6 2. c4 e6 3. Nc3 Bb4 4. e3 0-0 5. Bd3 c5 6. Nge2 cxd4 7. exd4 Be7 8. 0-0 d6 9. h3 b6 10. Be3 Bb7 11. Rc1 Nbd7 12. Ng3 Rc8 13. Qe2 Qc7 14. Nge4 Rfe8 15. Bg5 Nxe4 16. Bxe7 Nxc3 17. Qh5 g6 18. Qh4 Ne4 19. f3 Rxe7 20. Qxe7 Nef6 21. c5 dxc5 22. dxc5 bxc5 23. Bb5 Re8 24. Rxc5 Qb6 0-1

[Event "Titled Tuesday intern op 14th April"]
[Site "Chess.com INT"]
[Date "2020.04.14"]
[Round "4"]
[White "Cadena Montoya, Gustavo Adolfo"]
[Black "Oparin, Grigoriy"]
[Result "1-0"]
[WhiteElo "2148"]
[BlackElo "2652"]
[PlyCount "99"]
[EventDate "2020.04.14"]
[EventType "swiss (blitz)"]
[EventRounds "10"]
[EventCountry "USA"]
[SourceTitle "EXT 2021"]
[Source "ChessBase"]
[SourceDate "2020.10.23"]
[SourceVersion "1"]
[SourceVersionDate "2020.10.23"]
[SourceQuality "1"]

1. d4 Nf6 2. Nf3 e6 3. Bf4 b6 4. Nbd2 Bb7 5. e3 Bd6 6. Bg3 0-0 7. Bd3 Qe7 8. Qe2 Nc6 9. Ne5 Nb4 10. f4 c5 11. 0-0 Bc7 12. c3 Nxd3 13. Qxd3 d6 14. Bh4 Bd8 15. Ng4 Kh8 16. e4 Qc7 17. Nxf6 gxf6 18. d5 Rg8 19. c4 b5 20. f5 e5 21. cxb5 a6 22. bxa6 Bxa6 23. Nc4 Rg4 24. Bf2 Qe7 25. b3 Bc7 26. h3 Rg7 27. Be3 Rag8 28. Rf2 Rg3 29. Kh1 Ba5 30. Rg1 Qf8 31. Qe2 Bc3 32. Rf3 Bd4 33. Qf2 R3g5 34. Qe2 Rg3 35. Qf2 R3g7 36. Qe2 Qb8 37. Rd1 Rg3 38. Rxg3 Rxg3 39. Bf2 Rg8 40. Bh4 Qd8 41. Qh5 Kg7 42. Rd3 Kf8 43. Qh6+ Ke8 44. Bxf6 Qb8 45. Bh4 Bxc4 46. Qf6 Kd7 47. Qxf7+ Kc8 48. Qxg8+ Kb7 49. Qxb8+ Kxb8 50. bxc4 1-0

[Event "Titled Tuesday intern op 3rd March"]
[Site "Chess.com INT"]
[Date "2020.03.03"]
[Round "2"]
[White "Simonovic, Miroslav"]
[Black "Cadena Montoya, Gustavo Adolfo"]
[Result "1-0"]
[WhiteElo "2129"]
[BlackElo "2157"]
[PlyCount "67"]
[EventDate "2020.03.03"]
[EventType "swiss (blitz)"]
[EventRounds "10"]
[EventCountry "USA"]
[SourceTitle "EXT 2021"]
[Source "ChessBase"]
[SourceDate "2020.10.23"]
[SourceVersion "1"]
[SourceVersionDate "2020.10.23"]
[SourceQuality "1"]

1. d4 Nf6 2. Bg5 Ne4 3. h4 c5 4. dxc5 Qa5+ 5. Nd2 Nxd2 6. Qxd2 Qxc5 7. c3 Nc6 8. e4 d6 9. Be3 Qa5 10. b4 Qc7 11. f3 Be6 12. Ne2 Rc8 13. Nd4 Nxd4 14. cxd4 Bc4 15. Bxc4 Qxc4 16. Rc1 Qe6 17. d5 Qd7 18. Rxc8+ Qxc8 19. Bxa7 e5 20. 0-0 Be7 21. Rc1 Qa8 22. Bf2 0-0 23. Rc7 Re8 24. Qc2 Bf6 25. a4 b6 26. Bxb6 Bxh4 27. a5 h5 28. Qc6 Qb8 29. Qxd6 Re7 30. Qc6 Re8 31. d6 Qd8 32. d7 Re6 33. Qxe6 fxe6 34. Rc8 1-0

[Event "COL-ch Amateur U2300"]
[Site "Paipa"]
[Date "2020.02.29"]
[Round "5"]
[White "Cadena Montoya, Gustavo Adolfo"]
[Black "Obando Guzman, Soren Federico"]
[Result "1-0"]
[WhiteElo "2157"]
[BlackElo "2005"]
[PlyCount "73"]
[EventDate "2020.02.26"]
[EventType "swiss"]
[EventRounds "7"]
[EventCountry "COL"]
[SourceTitle "EXT 2021"]
[Source "ChessBase"]
[SourceDate "2020.10.23"]
[SourceVersion "1"]
[SourceVersionDate "2020.10.23"]
[SourceQuality "1"]

1. d4 Nf6 2. c4 c5 3. d5 g6 4. Nc3 Bg7 5. e4 d6 6. f4 0-0 7. Nf3 Bg4 8. Be2 Na6 9. 0-0 Nc7 10. h3 Bxf3 11. Bxf3 Rb8 12. a4 a6 13. Be2 b6 14. Ra3 e6 15. f5 exd5 16. exd5 Nd7 17. Ne4 Qe7 18. Bd3 h6 19. Bb1 Ne8 20. Raf3 g5 21. f6 Nexf6 22. Ng3 Ne5 23. Rxf6 Bxf6 24. Nf5 Qd8 25. Nxh6+ Kg7 26. Qh5 Ng6 27. Nxf7 Rxf7 28. Qxg6+ Kf8 29. Kh1 Qe7 30. Bf5 Qe2 31. Bd3 Qe7 32. Bd2 Rd8 33. Re1 Be5 34. Bxg5 Qd7 35. Bh6+ Ke7 36. Qg5+ Rf6 37. Qg7+ 1-0

[Event "Titled Tuesday intern op1 4th Febr"]
[Site "Chess.com INT"]
[Date "2020.02.04"]
[Round "3"]
[White "Brynell, Stellan"]
[Black "Cadena Montoya, Gustavo Adolfo"]
[Result "1-0"]
[WhiteElo "2412"]
[BlackElo "2157"]
[PlyCount "73"]
[EventDate "2020.02.04"]
[EventType "swiss (blitz)"]
[EventRounds "10"]
[EventCountry "USA"]
[SourceTitle "EXT 2021"]
[Source "ChessBase"]
[SourceDate "2020.10.23"]
[SourceVersion "1"]
[SourceVersionDate "2020.10.23"]
[SourceQuality "1"]

1. d4 Nf6 2. Nf3 e6 3. c4 Bb4+ 4. Bd2 Be7 5. g3 d5 6. Bg2 0-0 7. 0-0 c6 8. Qc2 Nbd7 9. Rd1 b6 10. b3 Ba6 11. Bc1 Ne4 12. Nbd2 f5 13. Bb2 Rc8 14. Rac1 Bd6 15. Ne5 Nxe5 16. dxe5 Bc5 17. e3 Qg5 18. Nf3 Qh6 19. Bd4 Ba3 20. Bb2 Be7 21. h4 g5 22. hxg5 Bxg5 23. Nxg5 Qxg5 24. Ba3 Rf7 25. cxd5 cxd5 26. Qb2 h5 27. Rxc8+ Bxc8 28. Qc2 Ba6 29. Qc6 h4 30. Qxe6 Nxg3 31. Rxd5 h3 32. fxg3 Qxg3 33. Rd8+ Kg7 34. Bf8+ Rxf8 35. Rd7+ Rf7 36. Qxf7+ Kh8 37. Qh7# 1-0